Rafael Núñez International Airport Destinations (Cartagena, Colombia) - Statistics

General Stats
  • This quiz has been taken 57 times
    20 since last reset
  • The average score is 27 of 33
Answer Stats
Airline Destination % Correct
Delta Air Lines Atlanta
100%
Avianca/JetSmart Colombia/LATAM Colombia/Wingo Bogotá
100%
JetSmart Perú/LATAM Perú Lima
100%
Avianca/JetSmart Colombia/Wingo Medellín (JMC)
100%
Aeroméxico Mexico City
100%
Viva Mexico City (AIFA)
100%
American Airlines/Avianca Miami
100%
Avianca/JetBlue New York (JFK)
100%
Spirit Airlines Orlando
100%
Wingo Panama City (Balboa)
100%
Copa Airlines Panama City (Tocumen)
100%
Avianca Costa Rica San José (CR)
100%
Air Canada/Air Transat Toronto (Pearson)
100%
Edelweiss Air Zürich
100%
KLM Amsterdam
94%
Avianca/JetSmart Colombia/LATAM Colombia/Wingo Cali
94%
Air Canada/Air Transat Montréal (Trudeau)
94%
Avianca Santiago de Chile
88%
Air Century Santo Domingo (La Isabela)
88%
Arajet Santo Domingo (Las Américas)
88%
Plus Ultra Líneas Aéreas/World2Fly Madrid
81%
Neos Milan (Malpensa)
81%
Arajet Punta Cana
75%
Clic Armenia
63%
Avianca/Clic Bucaramanga
63%
JetBlue/Spirit Airlines Fort Lauderdale
63%
Liat Air Antigua
56%
JetSmart Colombia Pereira
56%
LATAM Colombia/Wingo San Andrés Island
56%
JetSmart Colombia Cúcuta
50%
Plus Ultra Líneas Aéreas Warsaw (Chopin)
44%
SATENA Mompox
38%
Clic Manizales
31%
No matching quizzes found
Score Distribution
Percent of People with Each Score
Percentile by Number Answered
Your Score History
You have not taken this quiz since the last reset